| 000 -LEADER |
| fixed length control field |
01678cam a2200457 i 4500 |
| 001 - CONTROL NUMBER |
| control field |
387763 |
| 003 - CONTROL NUMBER IDENTIFIER |
| control field |
OSt |
| 005 - DATE AND TIME OF LATEST TRANSACTION |
| control field |
20230120134730.0 |
| 008 - FIXED-LENGTH DATA ELEMENTS--GENERAL INFORMATION |
| fixed length control field |
210712s2019 nyua j 000 1 eng d |
| 010 ## - LIBRARY OF CONGRESS CONTROL NUMBER |
| LC control number |
2019937385 |
| 020 ## - INTERNATIONAL STANDARD BOOK NUMBER |
| International Standard Book Number |
9780062868329 |
| Qualifying information |
(pbk.) : |
| 040 ## - CATALOGING SOURCE |
| Transcribing agency |
. |
| Modifying agency |
KH8 |
| 042 ## - AUTHENTICATION CODE |
| Authentication code |
nbic |
| 082 0# - DEWEY DECIMAL CLASSIFICATION NUMBER |
| Classification number |
813.6 DEA |
| 100 1# - MAIN ENTRY--PERSONAL NAME |
| Personal name |
Dean, Kim, |
| Dates associated with a name |
1969- |
| Relator term |
aut. |
| 245 10 - TITLE STATEMENT |
| Title |
Pete the Kitty goes to the doctor / |
| Statement of responsibility, etc. |
by Kimberly & James Dean. |
| 250 ## - EDITION STATEMENT |
| Edition statement |
1st ed. |
| 260 ## - PUBLICATION, DISTRIBUTION, ETC. |
| Place of publication, distribution, etc. |
New York, NY : |
| Name of publisher, distributor, etc. |
Harper, an imprint of HarperCollinsPublishers, |
| Date of publication, distribution, etc. |
c2019. |
| 300 ## - PHYSICAL DESCRIPTION |
| Extent |
32 p. : |
| Other physical details |
col. ill. ; |
| Dimensions |
24 cm. |
| 490 1# - SERIES STATEMENT |
| Series statement |
Pete the kitty. |
| 490 1# - SERIES STATEMENT |
| Series statement |
I can read! My first shared reading. |
| 500 ## - GENERAL NOTE |
| General note |
Illustrations were rendered using watercolor, acrylic and ink. |
| 520 ## - SUMMARY, ETC. |
| Summary, etc. |
When Pete the Kitty has a stomach ache, his dad decides that it is time to go to the doctor, but Pete is a little bit nervous about his first visit to the doctor. |
| 521 1# - TARGET AUDIENCE NOTE |
| Target audience note |
Ages 4-8. |
| 563 ## - BINDING INFORMATION |
| Binding note |
Marantz copy has original publisher's binding: paper covered boards with illustrations on front and back covers. |
| 650 #0 - SUBJECT ADDED ENTRY--TOPICAL TERM |
| Topical term or geographic name entry element |
Cats |
| Form subdivision |
Juvenile fiction. |
| 650 #0 - SUBJECT ADDED ENTRY--TOPICAL TERM |
| Topical term or geographic name entry element |
Physicians |
| Form subdivision |
Juvenile fiction. |
| 655 #0 - INDEX TERM--GENRE/FORM |
| Genre/form data or focus term |
Readers (Elementary) |
| 655 #7 - INDEX TERM--GENRE/FORM |
| Genre/form data or focus term |
Fiction. |
| Source of term |
fast. |
| 655 #7 - INDEX TERM--GENRE/FORM |
| Genre/form data or focus term |
Juvenile works. |
| Source of term |
fast. |
| 655 #7 - INDEX TERM--GENRE/FORM |
| Genre/form data or focus term |
Readers (Elementary) |
| Source of term |
fast. |
| 655 #7 - INDEX TERM--GENRE/FORM |
| Genre/form data or focus term |
Readers (Publications) |
| Source of term |
fast. |
| 655 #7 - INDEX TERM--GENRE/FORM |
| Genre/form data or focus term |
Readers (Publications) |
| Source of term |
lcgft. |
| 655 #7 - INDEX TERM--GENRE/FORM |
| Genre/form data or focus term |
Paper case bindings. |
| Source of term |
aat. |
| 655 #7 - INDEX TERM--GENRE/FORM |
| Genre/form data or focus term |
Illustrated case bindings. |
| Source of term |
aat. |
| 655 #7 - INDEX TERM--GENRE/FORM |
| Genre/form data or focus term |
Book jackets. |
| Source of term |
aat. |
| 700 1# - ADDED ENTRY--PERSONAL NAME |
| Personal name |
Dean, James, |
| Dates associated with a name |
1957- |
| Relator term |
aut, |
| -- |
ill. |
| 830 #0 - SERIES ADDED ENTRY--UNIFORM TITLE |
| Uniform title |
Pete the kitty. |
| 830 #0 - SERIES ADDED ENTRY--UNIFORM TITLE |
| Uniform title |
I can read book. |
| 942 ## - ADDED ENTRY ELEMENTS (KOHA) |
| Source of classification or shelving scheme |
|
| Koha item type |
Books - Non Ficton |